<?xml version="1.0" encoding="UTF-8"?>
<record
    xmlns:xsi="http://www.w3.org/2001/XMLSchema-instance"
    xsi:schemaLocation="http://www.loc.gov/MARC21/slim http://www.loc.gov/standards/marcxml/schema/MARC21slim.xsd"
    xmlns="http://www.loc.gov/MARC21/slim">

  <leader>00821nam a22002297a 4500</leader>
  <controlfield tag="005">20250804113612.0</controlfield>
  <datafield tag="010" ind1=" " ind2=" ">
    <subfield code="a">ENG-141268-69</subfield>
  </datafield>
  <datafield tag="020" ind1=" " ind2=" ">
    <subfield code="a">9783030026851 (vol.1)</subfield>
    <subfield code="c">17309.00</subfield>
  </datafield>
  <datafield tag="020" ind1=" " ind2=" ">
    <subfield code="a">9783030026820 (vol.2)</subfield>
    <subfield code="c">17309.00</subfield>
  </datafield>
  <datafield tag="035" ind1=" " ind2=" ">
    <subfield code="a">EN-124800-801</subfield>
  </datafield>
  <datafield tag="037" ind1=" " ind2=" ">
    <subfield code="b">DBAD</subfield>
  </datafield>
  <datafield tag="082" ind1=" " ind2=" ">
    <subfield code="a">005.43</subfield>
  </datafield>
  <datafield tag="245" ind1=" " ind2=" ">
    <subfield code="a">Proceedings of the future technologies conference (FTC) 2018/</subfield>
    <subfield code="c">edited by Kohei Arai ,Rahul Bhatia [and] Supriya kapoor </subfield>
  </datafield>
  <datafield tag="260" ind1=" " ind2=" ">
    <subfield code="a">Switzerland </subfield>
    <subfield code="b">Springer</subfield>
    <subfield code="c">2018</subfield>
  </datafield>
  <datafield tag="270" ind1=" " ind2=" ">
    <subfield code="a">Gewerbestrasse 11 ,6330 cham </subfield>
    <subfield code="b">Switzerland </subfield>
  </datafield>
  <datafield tag="300" ind1=" " ind2=" ">
    <subfield code="a">2vol.(1174.;1184p.)</subfield>
    <subfield code="c">23cm(Pb)</subfield>
  </datafield>
  <datafield tag="490" ind1=" " ind2=" ">
    <subfield code="v">Vol.1, Vol 2</subfield>
  </datafield>
  <datafield tag="500" ind1=" " ind2=" ">
    <subfield code="a">2 vol. sets (Advances in intelligent systems and computing 880-881)</subfield>
  </datafield>
  <datafield tag="700" ind1=" " ind2=" ">
    <subfield code="9">65511</subfield>
    <subfield code="a">Bhatia, Rahul </subfield>
  </datafield>
  <datafield tag="700" ind1=" " ind2=" ">
    <subfield code="a">kapoor ,Supriya</subfield>
    <subfield code="9">69669</subfield>
  </datafield>
  <datafield tag="942" ind1=" " ind2=" ">
    <subfield code="2">ddc</subfield>
    <subfield code="c">EN</subfield>
    <subfield code="h">005.43</subfield>
    <subfield code="m">PRO</subfield>
  </datafield>
  <datafield tag="999" ind1=" " ind2=" ">
    <subfield code="c">204926</subfield>
    <subfield code="d">204926</subfield>
  </datafield>
  <datafield tag="952" ind1=" " ind2=" ">
    <subfield code="0">0</subfield>
    <subfield code="1">0</subfield>
    <subfield code="3">Vol.1</subfield>
    <subfield code="4">0</subfield>
    <subfield code="7">1</subfield>
    <subfield code="8">REF</subfield>
    <subfield code="a">BL1</subfield>
    <subfield code="b">BL1</subfield>
    <subfield code="d">2024-08-07</subfield>
    <subfield code="e">DBAD</subfield>
    <subfield code="g">17309.00</subfield>
    <subfield code="l">0</subfield>
    <subfield code="o">005.43 PRO </subfield>
    <subfield code="p">EN-124800</subfield>
    <subfield code="r">2024-08-07 00:00:00</subfield>
    <subfield code="t">1</subfield>
    <subfield code="v">17309.00</subfield>
    <subfield code="w">2024-08-07</subfield>
    <subfield code="y">EN</subfield>
  </datafield>
  <datafield tag="952" ind1=" " ind2=" ">
    <subfield code="0">0</subfield>
    <subfield code="1">0</subfield>
    <subfield code="3">Vol.2</subfield>
    <subfield code="4">0</subfield>
    <subfield code="7">1</subfield>
    <subfield code="8">REF</subfield>
    <subfield code="a">BL1</subfield>
    <subfield code="b">BL1</subfield>
    <subfield code="d">2024-08-07</subfield>
    <subfield code="e">DBAD</subfield>
    <subfield code="g">17309.00</subfield>
    <subfield code="l">0</subfield>
    <subfield code="o">005.43 PRO</subfield>
    <subfield code="p">EN-124801</subfield>
    <subfield code="r">2024-08-07 00:00:00</subfield>
    <subfield code="t">1</subfield>
    <subfield code="v">17309.00</subfield>
    <subfield code="w">2024-08-07</subfield>
    <subfield code="y">EN</subfield>
  </datafield>
</record>
